| 000 | 01049nam a2200289Ia 4500 | ||
|---|---|---|---|
| 001 | Para_10015 | ||
| 003 | CHAP | ||
| 008 | 220125sSept xx 000 0 und d | ||
| 010 | _a208715 | ||
| 040 | _cCHAP | ||
| 090 | _aPA CD - TESIS 97 | ||
| 100 |
_aSandoval Martínez, Ma. Irene Emma _9102147 |
||
| 245 |
_aBiodiversidad de hongos asociados a la semilla de trigo (Triticum aestivum L.) de temporal / _c Ma. Irene Emma Sandoval Martínez; Director Santos Gerardo Leyva Mir |
||
| 260 |
_aChapingo, Méx. : _b el autor |
||
| 300 | _a1 CDS ROM (147 p.) | ||
| 502 | _aTesis (Ing. Agr. Esp. en Parasitología Agrícola). UACh. Departamento Parasitología Agrícola | ||
| 520 | _a(M.C. en Protección Vegetal) UACh | ||
| 700 |
_aLeyva Mir, Santos Gerardo. Director _9171335 |
||
| 710 |
_aUACh. Departamento Parasitología Agrícola _9164025 |
||
| 901 | _aPA CD - TESIS 97 | ||
| 902 | _aM | ||
| 905 | _a513220Septiembre,2011 amn 8100000000 06 | ||
| 910 | _aSept | ||
| 942 | _cPARA | ||
| 942 |
_cPARA _d2 |
||
| 999 |
_c208715 _d208715 |
||